Statistiques concernant Les 10 pays d'Afrique les plus froids

Cliquez ici pour prendre le quiz!

Statistiques générales

  • Ce quiz a été pris 18 825 fois
    (18 704 depuis la dernière actualisation)
  • Le résultat moyen est 6 sur 10

Statistiques - réponses

° CPays% Correct
17,10Maroc
72%
19,20Tunisie
64%
11,85Lesotho
61%
21,40Eswatini
55%
19,85Namibie
54%
21,40Zambie
53%
21,00Zimbabwe
53%
17,85Rwanda
52%
21,50Botswana
49%
19,80Burundi
46%

Distribution des résultats

Percentile par nombre de réponses

% des personnes avec chaque résultat

Votre développement - résultats

Vous n’avez pas pris ce quiz depuis la dernière actualisation